BIBLIOTECA

SENCICO

Diseño básico : (Registro nro. 281)

Detalles MARC
000 -LEADER
fixed length control field 00883nam a2200265Ia 4500
003 - CONTROL NUMBER IDENTIFIER
control field PE SENCICO BE
005 - DATE AND TIME OF LATEST TRANSACTION
control field 20251020182432.0
008 - FIXED-LENGTH DATA ELEMENTS--GENERAL INFORMATION
fixed length control field 200515s9999 xx 000 0 und d
020 ## - INTERNATIONAL STANDARD BOOK NUMBER
International Standard Book Number 978-958-8231-97-6
040 ## - CATALOGING SOURCE
Original cataloging agency PE SENCICO BE
Transcribing agency PE SENCICO BE
041 ## - LANGUAGE CODE
Language code of text/sound track or separate title spa
082 ## - DEWEY DECIMAL CLASSIFICATION NUMBER
Classification number 745.4
Item number J92
100 1# - MAIN ENTRY--PERSONAL NAME
Personal name Jurado Grisales, Claudia
9 (RLIN) 2657
Relator term autor
245 10 - TITLE STATEMENT
Title Diseño básico :
Remainder of title guía de taller /
Statement of responsibility, etc. Claudia Jurado Grisales
250 ## - EDITION STATEMENT
Edition statement 1a ed.
260 ## - PUBLICATION, DISTRIBUTION, ETC.
Place of publication, distribution, etc. Manizales :
Name of publisher, distributor, etc. Universidad de Caldas ;
Date of publication, distribution, etc. 2007
300 ## - PHYSICAL DESCRIPTION
Extent 114 p. :
Other physical details tbl., graf. ;
Dimensions 24 cm.
490 ## - SERIES STATEMENT
Series statement Artes y Humanidades
505 0# - FORMATTED CONTENTS NOTE
Formatted contents note Elementos de diseño -- Teoría básica sobre los principios compositivos -- El diseño bidimensional
650 10 - SUBJECT ADDED ENTRY--TOPICAL TERM
Topical term or geographic name entry element Diseño
9 (RLIN) 965
650 20 - SUBJECT ADDED ENTRY--TOPICAL TERM
Topical term or geographic name entry element Arte y diseño
9 (RLIN) 966
650 20 - SUBJECT ADDED ENTRY--TOPICAL TERM
Topical term or geographic name entry element Comunicación visual
9 (RLIN) 460
650 20 - SUBJECT ADDED ENTRY--TOPICAL TERM
Topical term or geographic name entry element Diseño bidimensional
9 (RLIN) 2658
942 ## - ADDED ENTRY ELEMENTS (KOHA)
Koha item type Libros
Source of classification or shelving scheme Dewey Decimal Classification
Existencias
Fecha de la última vez que lo usaron Número de ingreso o de inventario Pago total Signatura topográfica completa Código de barras Precio efectivo desde Tipo de documento Estado perdido Sistema de clasificación Estado dañado No es para préstamo Retirado Ubicación permanente Ubicación actual Fecha de adquisición
15/05/2020 14274   745.4/J92 BibLima24100050 15/05/2020 Libros   Dewey Decimal Classification       Biblioteca Central Lima Biblioteca Central Lima 15/05/2020